| 000 | 00573nam a22001937a 4500 | ||
|---|---|---|---|
| 999 |
_c16537 _d16537 |
||
| 003 | OSt | ||
| 005 | 20171006095418.0 | ||
| 008 | 171006b xxu||||| |||| 00| 0 eng d | ||
| 020 | _a9966224807 | ||
| 040 |
_aKABU _cKABU |
||
| 050 |
_aPE1128 _b.N49 2005 Bk3 |
||
| 245 |
_aNew integrated English : _bStudents' book 3 / _cAgnes Gathumbi ... [et al.] |
||
| 250 | _arev. ed. | ||
| 260 |
_aNairobi _bJKF _c2005 |
||
| 300 | _axii, 336 p. | ||
| 650 |
_aEnglish language _vTextbooks |
||
| 700 | _aGathumbi, Agnes | ||
| 942 |
_2lcc _cBK _hPE1128 _i.N49 2005 Bk3 |
||